Die 235 beliebtesten ♂ ♀ Vornamen in den Niederlanden - Statistiken

Allgemein
  • Dieses Quiz wurde 38 mal gespielt
  • Das Durchschnittsergebnis liegt bei 36 aus 237
Antwortstatistiken
♀ / ♂ Name % Korrekt
Jungen - - > | Mädchen - - > ⤵️
91%
J3 Jan
69%
E4 Emma
56%
L4 Lisa
53%
A4 Anna
50%
J5 Julia
50%
M3 Max
50%
L4 Lena
47%
S6 Sophie
47%
M5 Maria
44%
M3 Mia
44%
M4 Mila
44%
N3 Noa
44%
S3 Sam
44%
E3 Eva
41%
N4 Nina
41%
N4 Noah
41%
N4 Nora
41%
O6 Olivia
41%
Z3 Zoe
41%
B2 Bo
38%
D4 Daan
38%
F4 Finn
38%
I3 Isa
38%
M4 Mick
38%
S4 Saar
38%
S4 Sven
38%
H5 Hanna
34%
J6 Julian
34%
L4 Lara
34%
L4 Lina
34%
L3 Lou
34%
L4 Luca
34%
M4 Mara
34%
S4 Sara
34%
S6 Sophia
34%
D5 David
31%
E6 Emilia
31%
E5 Emily
31%
L3 Lot
31%
L4 Luna
31%
N3 Noe
31%
T3 Tom
31%
C9 Charlotte
28%
D4 Dean
28%
E4 Elin
28%
E4 Ella
28%
I6 Isabel
28%
J7 Johanna
28%
J5 Julie
28%
L4 Liam
28%
L5 Lotte
28%
M4 Mats
28%
M5 Merel
28%
A9 Alexander
25%
C5 Chloe
25%
E3 Evi
25%
I8 Isabella
25%
J4 Jack
25%
L4 Lars
25%
L5 Lucas
25%
M4 Maya
25%
O6 Oliver
25%
V4 Vera
25%
D3 Dani
22%
D6 Daniel
22%
E9 Elisabeth
22%
H6 Helena
22%
J8 Johannes
22%
L4 Levi
22%
L3 Lio
22%
L3 Liv
22%
L4 Lynn
22%
R4 Rosa
22%
S5 Sarah
22%
S5 Sofia
22%
T6 Thomas
22%
Y4 Yara
22%
A3 Amy
19%
E5 Elena
19%
E5 Elise
19%
F6 Feline
19%
F5 Fenna
19%
H6 Hannah
19%
J4 Jens
19%
J4 Juna
19%
L4 Lily
19%
L4 Lola
19%
M3 Mae
19%
S5 Sofie
19%
B8 Benjamin
16%
E5 Elias
16%
G4 Gijs
16%
H6 Hailey
16%
I3 Ivy
16%
K3 Kai
16%
L5 Linde
16%
L5 Livia
16%
M4 Mees
16%
M4 Milo
16%
V5 Vince
16%
Y4 Yuna
16%
A4 Amir
13%
B4 Bram
13%
D4 Dirk
13%
H4 Hugo
13%
J5 Jonah
13%
J4 June
13%
L4 Lenn
13%
L4 Luuk
13%
M5 Milan
13%
N5 Naomi
13%
N4 Noor
13%
T4 Tess
13%
T6 Tobias
13%
W6 Willem
13%
A4 Adam
9%
A5 Amira
9%
A6 Arthur
9%
C7 Charlie
9%
G4 Guus
9%
H5 Hidde
9%
L6 Lauren
9%
M8 Mohammed
9%
N6 Nathan
9%
N4 Niek
9%
R5 Ruben
9%
R4 Ryan
9%
S6 Samuel
9%
S3 Sem
9%
S5 Stijn
9%
T5 Thijs
9%
W10 Wilhelmina
9%
A7 Antonia
6%
C3 Cas
6%
E4 Ezra
6%
H7 Hendrik
6%
J4 Jade
6%
J5 James
6%
J5 Jesse
6%
J4 Joep
6%
K5 Katja
6%
M5 Melle
6%
P6 Pieter
6%
R6 Renate
6%
R5 Rosie
6%
T4 Teun
6%
T8 Theodora
6%
X4 Xavi
6%
A7 Adriana
3%
A5 Aiden
3%
A4 Ayla
3%
C4 Cato
3%
C8 Cornelis
3%
F5 Floor
3%
G6 Gerrit
3%
I5 Inaya
3%
J7 Jasmijn
3%
J6 Jayden
3%
J3 Job
3%
J4 Juul
3%
L5 Lieke
3%
L5 Lizzy
3%
M5 Mason
3%
M5 Milou
3%
N5 Nolan
3%
N4 Noud
3%
N4 Nova
3%
O4 Owen
3%
P4 Puck
3%
R4 Roan
3%
S4 Senn
3%
S4 Sepp
3%
Z4 Zayn
3%
A6 Aaltje
0%
A4 Abel
0%
A8 Adrianus
0%
A5 Alida
0%
A8 Antonius
0%
B4 Boaz
0%
B5 Boris
0%
C9 Catharina
0%
C8 Cornelia
0%
D3 Dex
0%
E5 Esmee
0%
F5 Fedde
0%
F4 Fien
0%
F5 Fleur
0%
F6 Floris
0%
F10 Franciscus
0%
G10 Geertruida
0%
G8 Gerardus
0%
G7 Grietje
0%
H8 Hendrika
0%
H8 Hendrikus
0%
J4 Jace
0%
J6 Jacoba
0%
J7 Jacobus
0%
J4 Jake
0%
J4 Jaxx
0%
J3 Jip
0%
J4 Joah
0%
J5 Jurre
0%
K7 Kerstin
0%
L4 Liva
0%
L4 Lize
0%
L4 Loek
0%
L4 Lois
0%
L4 Loua
0%
M5 Maeve
0%
M10 Margaretha
0%
M4 Maud
0%
M7 Mohamed
0%
M4 Moos
0%
M6 Morris
0%
B5 Norah
0%
N4 Novi
0%
O7 Olivier
0%
O4 Otis
0%
P6 Pepijn
0%
P10 Petronella
0%
P6 Petrus
0%
R5 Rayan
0%
R5 Romée
0%
R4 Roos
0%
S5 Scott
0%
S3 Sef
0%
S4 Siem
0%
S4 Suze
0%
T3 Ted
0%
T9 Theodorus
0%
T4 Ties
0%
T4 Tijn
0%
V6 Veerle
0%
W5 Wieke
0%
W9 Wilhelmus
0%
Keine übereinstimmenden Quizze gefunden
Verteilung der Resultate
Anzahl Personen mit jedem Resultat
Perzentil nach korrekt beantworteten Fragen
Ihre Resultats-Entwicklung
Sie haben dieses Quiz noch nicht gespielt